Selekčné jazyky: funkcie, koordinácia, propojiteľnosť

Bibliographic Details
Main Authors: Šimo, Vladimír (Author), Skolek, J. (Author)
Format: Article
Language:Slovak
Subjects:

MARC

LEADER 00000nab a2200000 a 4500
001 vtls000145709
003 SK-MaSNL
005 20260304062055.0
008 250422c1983 xo 0 slo
015 |a SNBRB19rr/mm-uuuuu 
035 |a CL0155816 
035 |a urn:nbn:sk:snk-abbc30 
035 |a (urnnbn)urn:nbn:sk:snk:ar-004ioz 
035 |a (uuid)3b7a3ffe-4ecd-49a5-9eb2-0fef24245a68 
040 |a SNKBUCL  |b slo  |c SNKBUCL  |e AACR2 
041 0 |a slo 
044 |a xo  |c SK 
080 |a 025.4.06  |2 1981 
100 1 |a Šimo, Vladimír  |4 aut  |9 5279 
245 1 0 |a Selekčné jazyky: funkcie, koordinácia, propojiteľnosť  |c Vladimír Šimo ; J. Skolek 
650 0 7 |a selekčné jazyky  |2 snkbucl  |9 1918 
655 7 |a články z novín a časopisov  |2 snkbucl  |9 267496 
655 7 |a články z odboru knihovníctvo  |2 snkbucl  |9 166141 
700 1 |a Skolek, J.  |4 aut  |9 1347042 
773 0 |t Knižnice a vedecké informácie  |g Roč. 15, č. 2 (1983), s. 82-84 
787 0 8 |i Rec.:  |a Skolek, J.  |t Selekční jazyky: funkce, koordinace, propojitelnost  |d Praha, ÚVTEI 1982. 
850 |a Slovenská národná knižnica 
852 |a Slovenská národná knižnica 
954 |a odborná, vedecká literatúra pôvodná (slovenská)  |2 lita 
958 |a article15 
958 |a RK 
958 |a KL 
958 |a OND 
958 |a EUIPO 
992 |a RBX 
999 |c 2736360  |d 2738290